Urban environments and wildlife law : a manual for sustainable development (Record no. 101001)

MARC details
000 -LEADER
fixed length control field 01025cam a2200253 4500
008 - FIXED-LENGTH DATA ELEMENTS--GENERAL INFORMATION
fixed length control field 000000n2002 000 0 eng u
020 ## - INTERNATIONAL STANDARD BOOK NUMBER
International Standard Book Number 0632057432
035 ## - SYSTEM CONTROL NUMBER
System control number (Sirsi) u109831
050 ## - LIBRARY OF CONGRESS CALL NUMBER
Classification number 344.41046
100 ## - MAIN ENTRY--PERSONAL NAME
Personal name Rees, P.
245 ## - TITLE STATEMENT
Title Urban environments and wildlife law : a manual for sustainable development
260 ## - PUBLICATION, DISTRIBUTION, ETC.
Place of publication, distribution, etc. Oxford
Name of publisher, distributor, etc. Blackwell
Date of publication, distribution, etc. 2002
300 ## - PHYSICAL DESCRIPTION
Extent xx,420p.
Other physical details ill.
Dimensions 26cm.
350 ## - PRICE (NR) (BK AM CF MU VM SE) [OBSOLETE]
Price 37.50
520 ## - SUMMARY, ETC.
Summary, etc. An authoritative guide to wildlife and nature conservation law in the UK aimed at construction professionals and considering: the legal and planning issues surrounding biodiversity, nature conservation and construction; how ecosystems work and why some elements need protection; where to find the relevant legislation, help and advice.
650 ## - SUBJECT ADDED ENTRY--TOPICAL TERM
Topical term or geographic name entry element ECOSYSTEMS
650 ## - SUBJECT ADDED ENTRY--TOPICAL TERM
Topical term or geographic name entry element CONSERVATION
650 ## - SUBJECT ADDED ENTRY--TOPICAL TERM
Topical term or geographic name entry element CONSTRUCTION INDUSTRY
650 ## - SUBJECT ADDED ENTRY--TOPICAL TERM
Topical term or geographic name entry element NATURE CONSERVATION
650 ## - SUBJECT ADDED ENTRY--TOPICAL TERM
Topical term or geographic name entry element PLANNING
650 ## - SUBJECT ADDED ENTRY--TOPICAL TERM
Topical term or geographic name entry element WILDLIFE CONSERVATION
690 ## - LOCAL SUBJECT ADDED ENTRY--TOPICAL TERM (OCLC, RLIN)
Topical term or geographic name as entry element ENVIRONMENTAL AND LAND CONSULTANCY
942 ## - ADDED ENTRY ELEMENTS (KOHA)
Suppress in OPAC 0
Holdings
Withdrawn status Lost status Source of classification or shelving scheme Damaged status Not for loan Home library Current library Shelving location Date acquired Cost, normal purchase price Total Checkouts Full call number Barcode Date last seen Date last checked out Copy number Cost, replacement price Price effective from Koha item type
    Dewey Decimal Classification     London London Books 14/11/2002 37.50 6 344.41046 REE 30066797 06/08/2019 07/11/2007 1 37.50 06/08/2019 Book